000 00220nam a22000857a 4500
008 160629b xxu||||| |||| 00| 0 eng d
100 _91364
_aGupta, D.C
245 _aIndian Government and Politics
260 _aN.D
_b Vikas
_c1972
999 _c1123
_d1123